Molecular biotechnology (Record no. 1008299)

MARC details
000 -LEADER
fixed length control field 00745nam a2200265Ia 4500
003 - CONTROL NUMBER IDENTIFIER
control field OSt
005 - DATE AND TIME OF LATEST TRANSACTION
control field 20221005102403.0
008 - FIXED-LENGTH DATA ELEMENTS--GENERAL INFORMATION
fixed length control field 221004b |||||||| |||| 00| 0 eng d
020 ## - INTERNATIONAL STANDARD BOOK NUMBER
International Standard Book Number 1555810713
037 ## - SOURCE OF ACQUISITION
Terms of availability Textual
040 ## - CATALOGING SOURCE
Original cataloging agency CRL
Transcribing agency CRL
Language of cataloging eng
041 ## - LANGUAGE CODE
Source of code eng
Language code of text/sound track or separate title eng
100 ## - MAIN ENTRY--PERSONAL NAME
Personal name Glick Bernard R.
9 (RLIN) 435496
245 #0 - TITLE STATEMENT
Title Molecular biotechnology
Remainder of title Principles & applications of recombinants DNA
260 ## - PUBLICATION, DISTRIBUTION, ETC.
Place of publication, distribution, etc. Washington
Name of publisher, distributor, etc. ASM Press USA
Date of publication, distribution, etc. 1994
300 ## - PHYSICAL DESCRIPTION
Extent 500p.
Dimensions cm.
650 ## - SUBJECT ADDED ENTRY--TOPICAL TERM
Topical term or geographic name entry element BIOTECHNOLOGY
700 ## - ADDED ENTRY--PERSONAL NAME
Personal name Pasternak Jack J.
942 ## - ADDED ENTRY ELEMENTS (KOHA)
Classification part E9G, N4
Koha item type Textual
Source of classification or shelving scheme
Holdings
Withdrawn status Lost status Damaged status Not for loan Home library Current library Date acquired Total Checkouts Full call number Barcode Date last seen Price effective from Koha item type Public note
        Central Library Central Library 2022-10-05   E9G N4 BM0000080 2022-10-05 2022-10-05 Textual Book available with B R Ambedkar Centre Library
Copyright @ Delhi University Library System